000 00990nam a2200277 a 4500
001 000024804
005 20200930023359.0
008 110203s1994 sp r 000 0 spa d
020 _z9686640924
040 _aDO-SdBNP
_bspa
_cBNPHU
041 1 7 _aeng
_hspa
_2Código de idioma MARC
082 _a330.156
_bK94v
100 1 _aKrugman, Paul R.
_950898
240 1 0 _aPeddling prosperity.
_lEspañol
245 1 0 _aVendiendo prosperidad :
_bsensatez e insensatez económica en una era de expectativas limitadas /
_cPaul Krugman ; traducción Ester Rabasco.
260 _aBarcelona, (España) :
_bEditorial Ariel,
_c1994.
300 _a301 p. :
_bil. ;
_c23 cm.
490 1 _aAriel Sociedad Económica.
534 _aTítulo original :
_tPeddling prosperity.
650 4 _aKeynesianismo
_950899
650 4 _aEconomía keynesiana
_949052
650 4 _aEconomía de la oferta
_950900
700 1 _aRabasco, Ester
_etr.
_950901
830 0 _aAriel Sociedad Económica.
_949683
049 _aBNGR
999 _c24297
_d24297